New subaltern politics : (Record no. 94814)

MARC details
000 -LEADER
fixed length control field 01115nam a22002657a 4500
005 - DATE AND TIME OF LATEST TRANSACTION
control field 20150901114500.0
010 ## - LCCN (DPL NO)
LC control number ENG-113431
020 ## - INTERNATIONAL STANDARD BOOK NUMBER
International Standard Book Number 0199457557
Terms of availability 850.00
020 ## - INTERNATIONAL STANDARD BOOK NUMBER
International Standard Book Number 9780199457557
Terms of availability 850.00
035 ## - SYSTEM CONTROL NUMBER
System control number EN-96963
037 ## - SOURCE OF ACQUISITION
Source of stock number/acquisition DBAD/PUB
082 ## - DEWEY DECIMAL CLASSIFICATION NUMBER
Classification number 305.51220954
245 ## - TITLE STATEMENT
Title New subaltern politics :
Statement of responsibility, etc edited by Alf Gunvald Nilsen [and] Srila Roy
Remainder of title reconceptualizing hegemony and resistance in contemporary India /
260 ## - PUBLICATION, DISTRIBUTION, ETC. (IMPRINT)
Place of publication, distribution, etc New Delhi
Name of publisher, distributor, etc Oxford University Press
Date of publication, distribution, etc 2015
270 ## - ADDRESS
Address YMCA Library Building, 1 Jai Singh Road
City New Delhi
Postal code 110001
300 ## - PHYSICAL DESCRIPTION
Extent x,318p.
Dimensions 23cm(Hb)
500 ## - GENERAL NOTE
General note "This volume builds upon a series of conference panels and workshops that were organized between 2011 and 2013, in such diverse places as Honolulu, Nottingham and Bergen"--Acknowledgements
500 ## - GENERAL NOTE
General note Includes bibliographical references (pages 270-298) and index.
650 ## - SUBJECT ADDED ENTRY--TOPICAL TERM
Topical term or geographic name as entry element Caste
Geographic subdivision India.
650 ## - SUBJECT ADDED ENTRY--TOPICAL TERM
Topical term or geographic name as entry element Social stratification
Geographic subdivision India.
650 ## - SUBJECT ADDED ENTRY--TOPICAL TERM
Topical term or geographic name as entry element Social movements
Geographic subdivision India.
700 ## - ADDED ENTRY--PERSONAL NAME
Personal name Nilsen, Alf Gunvald
700 ## - ADDED ENTRY--PERSONAL NAME
Personal name Roy, Srila
942 ## - ADDED ENTRY ELEMENTS (KOHA)
Source of classification or shelving scheme Dewey Decimal Classification
Item type English Books
Call number suffix NEW
Classification part 305.51220954
Holdings
Withdrawn status Lost status Not for loan Collection code Home library Current library Date acquired Source of acquisition Cost, normal purchase price Full call number Barcode Copy number Cost, replacement price Koha item type
    Not For Loan Non-fiction D.B.Act.Division D.B.Act.Division 10/07/2015 DBAD/PUB 850.00 305.51220954 NEW EN-96963 1 850.00 English Books

© Delhi Public Library
Hit Counter
free hit counter